Caste, class, and power: changing patterns of strarification in a Tanjore village (Record no. 360264)

000 -LEADER
fixed length control field 00426cam a22001337a 4500
008 - FIXED-LENGTH DATA ELEMENTS--GENERAL INFORMATION
fixed length control field 180718b1965 xxu||||| |||| 00| 0 eng d
082 ## - DEWEY DECIMAL CLASSIFICATION NUMBER
Classification number B135x5452 B465
100 ## - MAIN ENTRY--PERSONAL NAME
Personal name Beteille, Andre
245 ## - TITLE STATEMENT
Title Caste, class, and power: changing patterns of strarification in a Tanjore village
Statement of responsibility, etc. by Andre Beteille
260 ## - PUBLICATION, DISTRIBUTION, ETC.
Place of publication, distribution, etc. Bombay
Name of publisher, distributor, etc. OUP
Date of publication, distribution, etc. 1965
300 ## - PHYSICAL DESCRIPTION
Extent 238p.
500 ## - GENERAL NOTE
General note Rs.18.00
650 ## - SUBJECT ADDED ENTRY--TOPICAL TERM
Topical term or geographic name entry element Community Life, rural - India - Madras.
Holdings
Withdrawn status Lost status Damaged status Not for loan Permanent Location Current Location Date acquired Full call number Barcode Date last seen Price effective from Koha item type
        Indian Institute of Public Administration Indian Institute of Public Administration 1994-02-22 B135x5452 B465 39371 2018-07-21 2018-07-21 Book

Powered by Koha